Top countries in FIFA Women's World Cup - Statistics

General Stats
  • This quiz has been taken 58 times
  • The average score is 10 of 11
Answer Stats
Rank Winner Runner-up 3rd 4th Team % Correct
1. 4 1 3 0 United States
96%
2. 2 1 0 2 Germany
94%
4. 1 1 0 0 Japan
93%
5. 0 1 3 0 Sweden
93%
8. 0 1 0 0 Netherlands
91%
=10. 0 0 0 1 France
89%
3. 1 1 0 2 Norway
89%
9. 0 0 1 1 England
85%
6. 0 1 1 0 Brazil
83%
7. 0 1 0 1 China
81%
=10. 0 0 0 1 Canada
78%
No matching quizzes found
Score Distribution
Percent of People with Each Score
Percentile by Number Answered
Your Score History
You have not taken this quiz